| 000 | 00663nam a2200217Ia 4500 | ||
|---|---|---|---|
| 003 | GCL | ||
| 008 | 140319s9999 xx 000 0 ara d | ||
| 040 |
_aGCL / _cGCL |
||
| 082 | 0 | 4 |
_a658 _bم ت |
| 100 | 1 | _aاحمد رشيد | |
| 245 | 1 | 0 |
_aالتنظيم الادارى وتحليل النظم / _cاحمد رشيد |
| 700 | 1 | _aمحمد يسرى قنعنوه | |
| 260 |
_a[S.N] : _bدار النهضة العربية ، _c1984 |
||
| 300 | _a274 ص | ||
| 490 | _a | ||
| 650 | 0 | 4 | _aالمحاسبة الالية |
| 650 | 0 | 4 | _aالادارة العامة |
| 650 | 0 | 4 | _aالتنمية الادارية |
| 650 | 0 | 4 | _aتحليل النظم |
| 942 |
_2ddc _cBK |
||
| 999 |
_c36948 _d36948 |
||